Statistics for Name that Alloy!

Click here to take the quiz!

General Stats

  • This quiz has been taken 3 times
  • The average score is 4 of 10

Answer Stats

Composition | UseAnswer% Correct
Mainly copper with a little bit of tin | Used to protect against corrosion, also the name of a 2000~ year long periodBronze
100%
Mainly tin with a little bit of copper | Used for kitchenwarePewter
100%
Mostly copper with 1/4~ zinc | Used to protect against corrosionBrass
67%
Mainly silver with a little bit of copper | Used in jewelry; also the name of a currencySterling
67%
Mainly iron with a little bit of carbon and silicon | Used for its low melting temperature and in kitchenwareCast Iron
33%
Primarily copper, a little bit of nickel, and slight amounts of iron/manganese | Used for boatsCupronickel
0%
Primarily gold and silver, occasionally has a small amount of platinum/copper | Used for jewelry and once used for currencyElectrum
0%
60% beryllium and 40% aluminum | Invented by Lockheed; used in aircraftLockalloy
0%
Primarily nickel, 1/4~ copper, and slight amounts of iron and manganese | Used for its corrosion and heat resistanceMonel
0%
Mainly cobalt, some chromium, and a little molybdenum | Used in turbochargers for its heat resistanceVitallium
0%

Score Distribution

Percentile by Number Answered

Percent of People with Each Score

Your Score History

You have not taken this quiz